| 000 | 00398nam a2200169 a 4500 | ||
|---|---|---|---|
| 001 | 0000-8502 | ||
| 003 | ELIB.Books | ||
| 008 | 110520 1951 | ||
| 035 | _a(ELIB.Books)0000-8647 | ||
| 082 |
_aFic _bLGB |
||
| 100 | _aLGB | ||
| 245 | _aThe Train to Timbuctoo | ||
| 260 |
_bRacine: Golden Press _c1951 |
||
| 650 | _aFiction | ||
| 942 |
_2ddc _cBK |
||
| 998 |
_cbat _e2011-05-20 |
||
| 999 |
_c8502 _d8502 |
||